000 00524nam a22001577a 4500
008 141126b xxu||||| |||| 00| 0 eng d
020 _a9781863952378
050 _aPR 9617.7.B47 2004
245 _aThe best Australian essays 2004
_cedited by Robert Dessaix
260 _aMelbourne Victoria
_bBlack Inc
_c2004
300 _aix, 310p.
_c21cm.
650 _aAustralian essays
_y21st century
_912844
650 _aSpeeches, Australian
_y21st century
_912845
700 _aDessaix, Robert (ed.)
_912846
942 _2lcc
_cMONOGRAPH
999 _c121312
_d121312